Methods of sampling and test for rubber compounding ingredients. Part I. (Record no. 73913)

MARC details
000 -LEADER
fixed length control field 00332nam a2200109Ia 4500
245 #0 - TITLE STATEMENT
Title Methods of sampling and test for rubber compounding ingredients. Part I.
260 ## - PUBLICATION, DISTRIBUTION, ETC. (IMPRINT)
Year of publication 1973
500 ## - GENERAL NOTE
General note Standard number: IS 7086 Part I
650 ## - SUBJECT ADDED ENTRY--TOPICAL TERM
Topical Term Rubber compounding ingredients
942 ## - ADDED ENTRY ELEMENTS (KOHA)
Koha item type Standards
Holdings
Withdrawn status Lost status Damaged status Not for loan Collection code Home library Current library Date acquired Koha item type
      Standards Indian standards RRII Library RRII Library 31/12/2021 Standards